000
00313nam a22001337a 4500
008
171018b xxu||||| |||| 00| 0 eng d
020
_a
9780538844857
041
_a
eng
080
_2
4TH
_a
338
100
_a
53
101
_a
MEN
245
_a
INTERNATIONAL DIMENSIONS OF MANAGEMENT
_c
PHATAK,A.V
942
_2
udc
_c
BK
999
_c
34788
_d
34788